[Event "Poikovsky Karpov 06th"]
[Site "Poikovsky"]
[Date "2005.03.06"]
[Round "8"]
[White "Bacrot, Etienne"]
[Black "Bologan, Viktor"]
[Result "1-0"]
[WhiteElo "2715"]
[BlackElo "2683"]
[Annotator "Ftacnik,L"]
[PlyCount "87"]
[EventDate "2005.02.26"]
[EventType "tourn"]
[EventRounds "9"]
[EventCountry "RUS"]
[EventCategory "18"]
[SourceTitle "CBM 106"]
[Source "ChessBase"]
[SourceDate "2005.06.06"]
[SourceVersion "1"]
[SourceVersionDate "2005.06.06"]
[SourceQuality "1"]

{[%mdl 2]} 1. d4 Nf6 2. c4 e6 3. Nf3 d5 4. Nc3 Be7 5. Qc2 O-O 6. cxd5 exd5 7.
Bg5 c5 8. dxc5 Qa5 9. e3 Nc6 {Bologan has accepted the game with isolated pawn,
since due to the move 7..c5 he can try to benefit from the development
advantage.} (9... Qxc5 10. Be2 Nc6 11. Rd1 Be6 12. O-O h6 13. Bh4 g5 (13... Ne4
14. Bxe7 Nxe7 15. Nd4 Nxc3 16. bxc3 Rac8 17. Qa4 Nf5 18. Nxe6 fxe6 19. e4 Ne3
20. fxe3 Qxe3+ 21. Kh1 Qxe2 22. Rfe1 Qf2 23. exd5 exd5 24. Qb3 {1/2-1/2
Azmaiparashvili,Z-Geller,E/Belgrade 1988/ (65)}) 14. Bg3 Ne4 15. Nd4 Nxd4 16.
exd4 Qc6 17. Bb5 Qb6 18. Nxe4 Qxb5 19. Nc3 Qd7 20. Rde1 Rae8 21. f4 f5 22. fxg5
hxg5 23. Be5 Rf7 24. Qe2 Rh7 25. Nb5 {1-0 Akopian,V-Goldin,A/Stratton Mountain
1999/ (39)}) 10. Bb5 Nb4 (10... a6 11. Be2 Qxc5 12. Rd1 $14) 11. Qa4 (11. Qd2
a6 12. Ba4 Qxc5 13. O-O $14) 11... Qxa4 12. Bxa4 Nd3+ 13. Ke2 Nxc5 {Black has
not found the courage for the more original solution with the elimination of
the b2 pawn. Unfortunatelly even such a daring approach would not promise him
the equality.} (13... Nxb2 14. Bb3 b6 15. cxb6 Ba6+ 16. Kd2 axb6 17. Bxf6 Bxf6
18. Nxd5 $16) 14. Bc2 Be6 15. Nd4 Rac8 16. Rac1 g6 (16... h6 17. Bh4 Bg4+ 18.
f3 Be6 19. Rhd1 $14) 17. Rhd1 Rfd8 18. Bb1 (18. a3 Kg7 19. h3 $14) 18... a6 19.
a3 Kg7 20. Ba2 {Bacrot has optimally distributed his forces, Bologan can only
hope for keeping the dynamic balance in the position.} (20. b4 Ncd7 21. Bd3 Ne5
22. Na4 $14) 20... h6 21. Bh4 (21. Bf4 Ncd7 22. e4 Nb6 23. Nxe6+ fxe6 24. exd5
exd5 25. Be5 $14) 21... g5 22. Bg3 Nce4 (22... b5 23. b4 Nce4 24. Nxe4 Rxc1 25.
Rxc1 Nxe4 26. Be5+ $16) 23. Nxe4 Nxe4 24. Bc7 $1 {[%mdl 4] The elegant method
of keeping the bishop's pair, te second player will have to live with
distinctly worse position.} Re8 25. Rc2 Bf6 (25... Bd6 26. Rdc1 (26. Bxd5 Bxd5
27. Nf5+ Kf6 28. Nxd6 Nxd6 29. Rxd5 Nb5 30. Rdc5 Nd4+ $15) 26... Kf6 27. Bxd6
Nxd6 28. b4 $14) 26. Nxe6+ fxe6 27. Rdc1 g4 (27... Re7 $2 28. f3 $18) 28. f3
gxf3+ 29. gxf3 Ng5 30. f4 Nf7 (30... Ne4 $1 31. f5 Kf7 $13) 31. f5 $1 {The
undermining of the pawn structure will finally include white's lightsquared
bishop into the battle.} exf5 (31... Nd8 32. Bb6 Rxc2+ 33. Rxc2 exf5 34. Bxd5
$14) 32. Bxd5 Bg5 (32... Nd8 33. Kd3 b5 34. b3 $14) 33. Bb6 Rxc2+ 34. Rxc2 Nd6
35. Kf3 Bf6 (35... Kg6 36. Rc7 Re5 37. Bg8 Re8 38. Bb3 $14) 36. Bc5 Ne4 37. Bb4
(37. Bxb7 Nxc5 38. Rxc5 Bxb2 39. a4 $16) 37... Ng5+ 38. Kf2 b6 39. Rc7+ Kg6 40.
h4 Ne6 (40... Ne4+ 41. Kf3 Re5 42. Bf7+ Kg7 43. Bh5+ Kg8 44. Bg6 Bxh4 45. Bh7+
Kh8 46. Bxf5 Rxf5+ 47. Kxe4 $16) 41. Rc6 $1 {With fine manouvers white has
managed to preserve two bishops and control over the c file. The position is
quite critical for Bologan.} a5 (41... Nc5 42. Bc3 Nd7 43. Bxf6 Nxf6 44. Rxb6
Re5 45. Bf3 $16) (41... Kf7 42. h5 Bxb2 43. Rxb6 a5 44. Bd6 Bc3 45. Bf4 Bg7 46.
Ra6 Kf6 47. a4 Re7 48. Bg3 Kf7 49. e4 $1 fxe4 50. Ke3 $18) 42. Bc3 Bxh4+ (42...
Bxc3 43. bxc3 Kf6 44. Rxb6 Ke5 45. Rxe6+ Rxe6 46. Bxe6 Kxe6 47. Kf3 Ke5 48. c4
$18) 43. Kf3 Kf7 44. e4 $1 {Bacrot has tied down black's hands first and now
simple inclusion of white king immeditelly decides the bight. White has
realized the potential of the position in a truly masterful way.} (44. e4 fxe4+
45. Kxe4 Bf6 46. Kf5 Bxc3 47. bxc3 $18) 1-0

[Event "OHRA-B"]
[Site "Amsterdam"]
[Date "1990.??.??"]
[Round "4"]
[White "Brenninkmeijer, Joris"]
[Black "Polgar, Zsuzsa"]
[Result "1/2-1/2"]
[WhiteElo "2510"]
[BlackElo "2510"]
[Annotator "Ftacnik,L"]
[PlyCount "76"]
[EventDate "1990.07.??"]
[EventType "swiss"]
[EventRounds "9"]
[EventCountry "NED"]
[SourceTitle "CBM 020"]
[Source "ChessBase"]
[SourceDate "1991.02.01"]
[SourceVersion "1"]
[SourceVersionDate "1991.02.01"]
[SourceQuality "1"]

1. d4 {Polgar,Zsu} Nf6 2. c4 e6 3. Nc3 d5 4. cxd5 exd5 5. Bg5 c6 6. e3 Be7 7.
Bd3 Nbd7 8. Nge2 Nh5 9. Bxe7 Qxe7 10. g4 (10. Qd2 {Polgar,Zsu} g6 11. O-O O-O
12. f3 Nb6 13. Rae1 Be6 14. e4 dxe4 15. fxe4 Rad8 16. h3 $13 {Gutman,
L-ndersson,U/Wijk/1987/}) 10... Nhf6 11. Ng3 (11. h3 {Polgar,Zsu} Nb6 12. b3
Bd7 13. Qd2 g6 14. f3 h5 $6 15. g5 Ng8 16. h4 Qd6 17. e4 $14 {Gutman,L-Blauert/
Bad Wörishofen/1990/ / /}) 11... g6 (11... h6 12. h3 Nb6 13. Qd2 Bd7 14. b3 g6
15. a4 a5 16. f3 $14 {Kasparov,G-Spassky,B/Barcelona WCup/1989/ ->CBM 12}) 12.
h3 (12. g5 {Polgar,Zsu} Ng8 13. h4 h6 14. gxh6 { h4-h5 @ [Kasparov]}) (12. Qf3
$5 {Polgar,Zsu Kasparov}) 12... Nb6 13. Qb3 (13. Qd2 $5) (13. Qc2 {Polgar,Zsu
 14.0-0-0}) 13... Be6 (13... Bd7 $6 {Polgar,Zsu} 14. a4 $1 { a4-a5-a6 >>})
14. a4 (14. g5 {Polgar,Zsu} Ne4 (14... Nfd7 15. h4 h6) 15. Bxe4 dxe4 16. Qa3
Qxg5 17. Ncxe4 Qe7 $13) 14... O-O 15. a5 (15. O-O-O {Polgar,Zsu} c5 $1 $13)
15... Nc4 (15... Nc8 16. Qa3 (16. g5 {Polgar,Zsu} Ne4) (16. a6 Nd6)) (15...
Nbd7 $2 {Polgar,Zsu} 16. Qxb7 Rab8 17. Qxc6 $16) 16. Bxc4 (16. O-O-O $6 {
Polgar,Zsu} Nxa5 17. Qc2 c5 $17) 16... dxc4 17. Qa3 (17. Qc2 {Polgar,Zsu} c5 $1
18. g5 Nd5 $17) 17... Qxa3 (17... Rfe8 18. Qxe7 Rxe7 19. O-O-O $14) 18. bxa3 $5
(18. Rxa3 c5 $1 $10 (18... b5 $15 {Polgar,Zsu})) 18... c5 $1 (18... Nd5 19. Kd2
$14) (18... b6 $6 {Polgar,Zsu} 19. Kd2 $14) 19. O-O-O (19. dxc5 {Polgar,Zsu}
Rac8 20. Nce4 Nd7 (20... Nxe4 21. Nxe4 f5 {=/})) (19. g5 {Polgar,Zsu} cxd4 $1
20. exd4 Nd5 $15) 19... cxd4 (19... Rac8 20. d5 Bd7 21. f4 $14) 20. Rxd4 (20.
exd4 {Polgar,Zsu} Nd5) 20... Nd7 (20... Rad8 {Polgar,Zsu} 21. Rhd1) 21. Nce4 (
21. f4 Nc5 $132) 21... Ne5 (21... f5 22. gxf5 gxf5 23. Ng5 Nc5 24. Nxe6 Nxe6
25. Rxc4 $14) 22. f4 Nc6 (22... Nd3+ 23. Kc2 Rfd8 24. f5 $1 Rxd4 25. exd4 Bc8
26. Kc3 $16) 23. Rd6 c3 $1 (23... Nxa5 24. f5 Bc8 25. Rf1 $40 (25. h4 $44 {
Polgar,Zsu})) 24. a6 (24. f5 {Polgar,Zsu} Bc4) (24. Nxc3 {Polgar,Zsu} Nxa5)
24... Na5 25. f5 Bc4 26. axb7 Nxb7 27. Rd7 (27. Rc6 {Polgar,Zsu} Na5 28. Rc7
Rfc8 29. Rxc8+ Rxc8 30. Nxc3 $2 Bd5 $1 $19) 27... Rab8 (27... Na5 {Polgar,Zsu}
28. Kc2) 28. Rhd1 (28. Nxc3 $6 {Polgar,Zsu} Nc5) (28. Kc2 {Polgar,Zsu} Na5 (
28... Bb3+ $6 29. Kxc3 Rfc8+ 30. Kd4 Rc4+ 31. Ke5 $16) 29. Kxc3 Rfc8 $44) (28.
Rh2 {Polgar,Zsu} Na5 29. Rc2 Nb3+ 30. Kd1 Nd4 $1 31. exd4 $2 (31. Rxc3 Rb1+ 32.
Kd2 Nf3+ 33. Kc2 Ba2 $1 $44) 31... Rb1+ 32. Rc1 Bb3+ $19) 28... Rfc8 (28... Na5
29. Nxc3 Rfc8 30. Rxa7) 29. Rxb7 $1 (29. Nxc3 $2 {Polgar,Zsu} Bb5 $19) (29. Kc2
$2 {Polgar,Zsu} Bb3+ 30. Kxb3 c2 31. Rc1 Nc5+ $19) 29... Rxb7 30. Nd6 Rb2 $1 (
30... Rbc7 31. Nxc8 Rxc8 32. Ne4 (32. Kc2 $14 {Polgar,Zsu}) 32... Bb3 33. Rd3)
(30... c2 $2 {Polgar,Zsu} 31. Rd2 $1 $16 (31. Kxc2 $2 Bb3+ $19)) (30... Rcc7 {
Polgar,Zsu} 31. Nxb7 Rxb7 32. Rd8+ Kg7 33. Rc8 $16) 31. Nxc8 Bb3 32. Rd8+ (32.
f6 $4 {Polgar,Zsu} Rb1+ $1 $19) 32... Kg7 33. f6+ (33. g5 Rc2+ 34. Kb1 Rb2+ $10
) 33... Kxf6 (33... Kh6 {Polgar,Zsu} 34. h4 Rc2+ 35. Kd1 $2 (35. Kb1 $10) 35...
Rg2+ $1 $19) 34. Ne4+ Kg7 35. Rd3 (35. Nxc3 {Polgar,Zsu} Rc2+ 36. Kb1 Rxc3 $17)
35... Rc2+ 36. Kb1 Rb2+ 37. Kc1 Rc2+ 38. Kb1 Rb2+ {Ftacnik,L} 1/2-1/2

[Event "Linares zt"]
[Site "Linares"]
[Date "1995.??.??"]
[Round "7"]
[White "Arlandi, Ennio"]
[Black "Gomez Esteban, Juan Mario"]
[Result "0-1"]
[WhiteElo "2455"]
[BlackElo "2425"]
[Annotator "Ftacnik,L"]
[PlyCount "46"]
[EventDate "1995.11.??"]
[EventType "swiss"]
[EventRounds "11"]
[EventCountry "ESP"]
[SourceTitle "CBM 051"]
[Source "ChessBase"]
[SourceDate "1996.04.01"]
[SourceVersion "1"]
[SourceVersionDate "1996.04.01"]
[SourceQuality "1"]

1. d4 Nf6 2. c4 e6 3. Nc3 d5 4. cxd5 exd5 5. Bg5 Be7 6. e3 h6 7. Bh4 O-O 8. Bd3
Re8 9. Qc2 c5 10. Nge2 Nc6 11. a3 (11. dxc5 d4 12. Rd1 g5 13. Bg3 dxc3 14. Bc4
(14. Bh7+ Nxh7 15. Rxd8 Rxd8 16. bxc3 Rd5 17. h4 Nf6 18. hxg5 hxg5 19. e4 Rxc5
20. f3 Be6 21. Qc1 Nb4 22. Qb1 Nc6 23. Nd4 Nxd4 24. cxd4 Rc4 25. d5 Bb4+ 26.
Ke2 Rac8 27. Be5 Rc2+ 28. Kd3 Rd2+ 29. Ke3 {1-0 Rodin,M-Purgin,N/Moscow op
Russian Winter/1991/}) 14... Qa5 15. Qg6+ Kh8 16. Bxf7 cxb2+ 17. Kf1 Rg8 18.
Qxh6+ Nh7 19. Bxg8 Kxg8 20. Qg6+ Kh8 21. h4 g4 22. Bd6 Bxd6 23. Rxd6 Qxa2 24.
Nc3 {1/2-1/2 Azmaiparashvili,Z-Cvetkovic,S/Stary Smokovec/1983}) 11... cxd4 12.
exd4 Ng4 13. Bxe7 (13. Bg3 Be6 14. O-O Qb6) 13... Rxe7 14. Rd1 $2 (14. O-O $1
Qd6 15. g3 Be6) 14... Qd6 (14... Nxd4 $2 15. Bh7+) 15. h3 (15. g3 Nf6 16. O-O
Bh3 $15) 15... Nh2 $5 {This is a very daring idea, since the N will get out of
the corner either dead or as a hero.} 16. Nb5 (16. Nxd5 Qxd5 17. Rxh2 Nxd4 $17)
(16. Na4 b6 $1) 16... Qb8 (16... Qf4 17. Qd2 $16) 17. Bf5 $2 (17. Qc5 $1 Bd7 (
17... a6 18. Nbc3 Be6 19. f4 Qc7 20. Na4 $18) 18. Qxd5 $16) 17... Qf4 $1 18.
Bxc8 (18. Bd3 a6 19. Nbc3 Nxd4 20. Bh7+ Kh8 21. Rxd4 Qxd4 22. Rxh2 Qe5 $19)
18... Rxc8 19. Qd2 {Arlandi feels the pressure and tries to change few pieces.}
(19. Nbc3 Nxd4 20. Rxd4 Qxd4 21. Rxh2 Qe5 $1 $19) 19... Rce8 20. Nbc3 (20. Qxf4
$4 Rxe2#) 20... Qc7 21. Qd3 (21. f4 Nxd4 $1 22. Qxd4 Qxc3+ $19) 21... Nxd4 $3 {
Original and nice combination in which the Nh2 plays an important role.} 22.
Qxd4 $6 (22. Rd2 Nb3 $1 (22... Nxe2 23. Rxe2 Rxe2+ 24. Nxe2 Qc1+ 25. Qd1 Rxe2+
26. Kxe2 Qxb2+ 27. Qd2 $13) 23. Rc2 d4 24. Nd5 Qa5+ 25. Nb4 Nc1 26. Rxc1 Qg5
27. Kd1 Rxe2 28. Qxe2 Rxe2 29. Kxe2 Qxg2 $19) 22... Qxc3+ 23. Rd2 (23. Qxc3
Rxe2#) 23... Qc1+ (23... Qc1+ 24. Rd1 Rxe2#) 0-1

[Event "Leon"]
[Site "Leon"]
[Date "1990.??.??"]
[Round "1"]
[White "Braga, Fernando Alberto"]
[Black "Illescas Cordoba, Miguel"]
[Result "1-0"]
[WhiteElo "2480"]
[BlackElo "2530"]
[Annotator "Ftacnik,L"]
[PlyCount "51"]
[EventDate "1990.06.??"]
[EventType "tourn"]
[EventRounds "11"]
[EventCountry "ESP"]
[EventCategory "9"]
[SourceTitle "CBM 020"]
[Source "ChessBase"]
[SourceDate "1991.02.01"]
[SourceVersion "1"]
[SourceVersionDate "1991.02.01"]
[SourceQuality "1"]

1. d4 Nf6 2. Nf3 d5 3. c4 e6 4. Nc3 c6 5. cxd5 exd5 6. Qc2 Nbd7 7. Bg5 Bd6 (
7... Be7) 8. O-O-O $5 Nf8 (8... O-O 9. e4 dxe4 10. Nxe4 Be7 11. Ng3 $14) 9. e4
dxe4 10. Nxe4 Be7 11. Bxf6 Bxf6 12. d5 $1 Be7 (12... cxd5 13. Bb5+ Bd7 14. Rxd5
$16) 13. dxc6 (13. d6 Bf6 14. d7+ Nxd7 15. Nd6+ Kf8 16. Bc4 $40) 13... Qb6 14.
Nd6+ Bxd6 15. Rxd6 Ne6 16. cxb7 Qxb7 17. Ba6 Qb4 (17... Qb8 18. Qc6+ Ke7 19.
Rhd1 $18) 18. Qc6+ Ke7 19. Qxa8 Qc5+ 20. Kb1 Kxd6 (20... Bxa6 21. Qxh8 Qxd6 22.
Rc1 $18) 21. Rd1+ Ke7 22. Bxc8 Rxc8 23. Qe4 Qxf2 24. Nd4 Rc7 $2 (24... Kf6 $5)
25. Nf5+ Kf6 (25... Kf8 26. Qa8+) 26. Ne3 {Ftacnik,L} (26. Ne3 h5 27. Nd5+ $18)
1-0

[Event "URS-ch U26"]
[Site "Minsk"]
[Date "1990.??.??"]
[Round "?"]
[White "Anastasian, Ashot"]
[Black "Kruppa, Yuri"]
[Result "1/2-1/2"]
[WhiteElo "2490"]
[BlackElo "2460"]
[Annotator "Ftacnik,L"]
[PlyCount "83"]
[EventDate "1990.01.??"]
[EventType "tourn"]
[EventRounds "13"]
[EventCountry "URS"]
[EventCategory "10"]
[SourceTitle "CBM 017"]
[Source "ChessBase"]
[SourceDate "1990.08.01"]
[SourceVersion "1"]
[SourceVersionDate "1990.08.01"]
[SourceQuality "1"]

1. d4 d5 2. c4 e6 3. Nc3 Be7 4. cxd5 exd5 5. Bf4 Nf6 6. e3 O-O 7. Bd3 c5 8.
dxc5 Bxc5 9. Nge2 Nc6 10. O-O d4 $5 {N} (10... a6 11. Bg5 h6 12. Bh4 d4 13.
Bxf6 Qxf6 14. Ne4 Qe7 15. Nxc5 Qxc5 16. exd4 $16 {Vaiser,A-Wagman,S/San
Bernardino op/1989/}) (10... Be6 11. Bg5 h6 12. Bh4 Be7 13. Bc2 Qd7 14. Nf4
Rfd8 15. Nxe6 Qxe6 16. Bb3 $14 {Vaiser,A-Ekstrom,R/Grand-Prix Suisse/1990/
->CBM 17}) 11. exd4 (11. Na4 Bd6 12. Bxd6 Qxd6 13. exd4 Rd8) 11... Nxd4 12. Na4
Nxe2+ 13. Bxe2 Nd5 (13... Bd4 14. Bf3) 14. Bg3 Be7 15. Qb3 (15. Bf3 Be6) 15...
Qa5 16. Bf3 Nb4 {/\ Be6} (16... Nb6 17. Nxb6 axb6 $14) 17. a3 Nc6 18. Rad1 Bf6
19. Bd6 (19. Rd5 Nd4 $1 $132) 19... Nd4 20. Rxd4 Bxd4 21. Bxf8 Kxf8 22. Qd1 Be5
23. Nc5 Qc7 24. b4 Rb8 25. Re1 b6 26. Ne4 Bxh2+ 27. Kh1 Bf4 28. g3 Bh6 29. Nd6
Be6 30. Nb5 Qe7 31. Nd4 Rd8 32. Rxe6 Rxd4 33. Rxe7 Rxd1+ 34. Bxd1 Kxe7 35. b5
f5 36. Kg2 Bc1 37. a4 g5 38. Bc2 Kf6 39. f3 h5 40. g4 fxg4 41. fxg4 h4 42. Bd1
{Ftacnik,L} 1/2-1/2

[Event "Candidates qf1"]
[Site "Brussels"]
[Date "1991.??.??"]
[Round "8"]
[White "Gelfand, Boris"]
[Black "Short, Nigel D"]
[Result "0-1"]
[WhiteElo "2665"]
[BlackElo "2660"]
[Annotator "Ftacnik,L"]
[PlyCount "102"]
[EventDate "1991.08.??"]
[EventType "match"]
[EventRounds "8"]
[EventCountry "BEL"]
[SourceTitle "Candidates"]
[Source "ChessBase"]
[SourceDate "1999.07.01"]
[SourceVersion "2"]
[SourceVersionDate "1999.07.01"]
[SourceQuality "1"]

1. d4 Nf6 2. c4 e6 3. Nf3 d5 4. Nc3 Nbd7 5. Qc2 Be7 6. cxd5 exd5 7. Bf4 c6 8.
h3 (8. e3 Nh5 $10) 8... Nf8 (8... O-O 9. e3 Re8 10. Bd3 Nf8 11. O-O Bd6 12. Ne5
Ng6 $13) 9. e3 Ng6 10. Bh2 O-O (10... Bd6 $5 11. Ne5 Qe7 12. f4 Nd7 $13) 11.
Bd3 Re8 12. Ne5 (12. O-O Bd6 $14) 12... Bd6 13. f4 $1 c5 (13... Nd7 14. O-O-O
$40) 14. O-O (14. Nb5 cxd4 15. Nxd6 Qxd6 16. exd4 Qb4+ $10) 14... c4 (14...
cxd4 15. exd4 Qb6 16. Qf2 $14) 15. Be2 (15. Bf5 Bxf5 16. Qxf5 Bb4 $10) 15...
Bb4 (15... Bd7 16. Bf3 Bc6 17. b3 $1 $16) 16. f5 Nf8 (16... Ne7 17. g4 $16) 17.
Bf3 Bxc3 (17... N8d7 18. g4 $16) 18. bxc3 Bd7 (18... b5 19. a4 bxa4 20. Rxa4
$16) 19. g4 Bc6 20. Qg2 (20. g5 Ne4 (20... N6d7 21. h4 Nxe5 22. Bxe5 Nd7 23.
Bf4 $16) 21. Bxe4 dxe4 22. f6 $16) 20... N8d7 21. g5 Nxe5 (21... Ne4 22. Bxe4
dxe4 23. Nxc6 bxc6 24. Rf4 $16) 22. Bxe5 Ne4 (22... Nd7 23. Bf4 Nf8 24. h4 $16)
23. Bxe4 dxe4 24. h4 (24. f6 g6 25. Qg4 h5 $1 (25... Kh8 26. Qh4 Rg8 27. Qh6
Qf8 28. Qg7+ $1 $18) 26. gxh6 Kh7 $13) 24... Kh8 25. f6 $1 (25. h5 f6 26. Bf4
Qd7 $13) 25... g6 26. h5 Rg8 $8 27. Kf2 Qa5 (27... gxh5 28. Rh1 Rg6 29. Rxh5
Qg8 30. Rah1 Re8 31. Qh2 $18) 28. Rh1 $1 Qxc3 29. Rae1 Bd7 $8 (29... Rae8 30.
hxg6 Rxg6 31. Rh5 Kg8 32. Qh2 $18) 30. hxg6 $2 (30. Qxe4 Bf5 31. hxg6 Bxg6 32.
Rxh7+ Bxh7 33. Rh1 Qd2+ 34. Kf3 Qd1+ $1 35. Kf4 Qf1+ $1 36. Rxf1 Bxe4 37. Kxe4
Rxg5 $15) (30. Kg3 $3 gxh5 (30... Bf5 31. Kf4 Rae8 32. Qh2 Rxe5 33. hxg6 Bxg6
34. Qxh7+ Bxh7 35. Rxh7+ Kxh7 36. Rh1+ Kg6 37. Rh6#) 31. Kf4 Bg4 32. Qxg4 $1
Qxe1 $8 (32... hxg4 33. Rxh7+ Kxh7 34. Rh1+ Kg6 35. Rh6#) 33. Qg2 $1 Qa5 34.
Rxh5 Rg6 35. Qh3 Kg8 36. Rxh7 Kf8 37. Rh8+ Rg8 38. Qh7 $18) 30... Rxg6 31. Qxe4
(31. Qh2 h6 32. Qxh6+ Rxh6 33. Rxh6+ Kg8 34. Reh1 Qd2+) (31. Rh5 Bf5 32. Qh2
Rgg8 $16) 31... Kg8 $8 (31... Bc6 32. Qxg6 $1 fxg6 33. f7#) 32. Qxb7 (32. Rh5
Bc6 33. Qh4 Qc2+ 34. Re2 Qe4 $132) 32... Qc2+ 33. Re2 Qf5+ 34. Bf4 Rc8 (34...
Re8 $5 35. Qf3 Re4) 35. Qf3 c3 36. e4 (36. Qh5 h6 $13) 36... Qa5 37. d5 (37.
Rc2 $5 Qb6 $1 (37... Ba4 $2 38. Qh3 $18) 38. Be3 Qb7 $132) 37... c2 38. e5 Rc3
39. Qh5 $2 (39. Qe4 Qc5+ (39... Bg4 40. e6 $1 fxe6 41. f7+ Kxf7 42. Rxh7+ $40)
40. Be3 Qc4 $13) 39... h6 40. e6 Be8 41. Bc1 (41. gxh6 Qc5+ 42. Be3 Rxe3 43.
Rxe3 c1=Q 44. Rxc1 Qxc1 $19) 41... Qxd5 42. e7 Rxg5 $1 43. Bxg5 (43. Qxh6 Rg2+
44. Kf1 Qf3+ $19) 43... Qf5+ 44. Ke1 (44. Kg1 c1=Q+ 45. Bxc1 Rxc1+ 46. Kg2 Bc6+
47. Kg3 Rc3+ $19) 44... c1=Q+ 45. Bxc1 Rxc1+ 46. Kd2 Rc2+ 47. Kd1 (47. Ke3 Rc3+
48. Kd2 Qc2+ 49. Ke1 Qc1+ 50. Kf2 Qf4+ 51. Kg2 Bc6+ $19) (47. Ke1 Rc1+ 48. Kd2
Qc2+ 49. Ke3 Qc3+ 50. Kf2 Qd4+ $19) 47... Qd3+ 48. Ke1 Qg3+ 49. Kd1 Qd3+ 50.
Ke1 Qc3+ 51. Kf2 (51. Kf1 Rc1+ 52. Kf2 Qd4+ 53. Re3 Rc2+ 54. Kf1 Bb5+ 55. Qxb5
Qd1+ 56. Re1 Qf3+) 51... Qd4+ {Ftacnik,L} (51... Qd4+ 52. Kf1 Qf4+ 53. Kg1 Rc1+
54. Kg2 Bc6+ $19) 0-1

[Event "Helsinki op"]
[Site "Helsinki"]
[Date "1992.??.??"]
[Round "3"]
[White "Vyzmanavin, Alexey"]
[Black "Kharitonov, Andrei Y"]
[Result "1/2-1/2"]
[WhiteElo "2580"]
[BlackElo "2505"]
[Annotator "Ftacnik,L"]
[PlyCount "53"]
[EventDate "1992.09.??"]
[EventType "swiss"]
[EventRounds "9"]
[EventCountry "FIN"]
[SourceTitle "CBM 032"]
[Source "ChessBase"]
[SourceDate "1993.02.01"]
[SourceVersion "1"]
[SourceVersionDate "1993.02.01"]
[SourceQuality "1"]

1. d4 Nf6 2. c4 e6 3. Nc3 d5 4. cxd5 exd5 5. Bg5 Be7 6. e3 c6 7. Bd3 Nbd7 8.
Nge2 Nh5 9. Bxe7 Qxe7 10. g4 Nhf6 11. Ng3 Nb6 $146 (11... O-O 12. Nf5 Qd8 13.
g5 Ne8 14. Rg1 Nb6 $13) 12. g5 Ng8 13. h4 g6 14. Qe2 (14. Qc2 h6 15. gxh6 Nxh6
16. h5 g5 $13) 14... h6 15. O-O-O $5 (15. f4 hxg5 16. hxg5 Rxh1+ 17. Nxh1 Be6
18. Ng3 O-O-O 19. O-O-O Qd7 20. Rh1 Ne7 $13) 15... hxg5 16. h5 $1 gxh5 17. Nxh5
Rh6 $1 18. Rdg1 Kd8 $1 (18... Bd7 $2 19. Ng7+ Kf8 20. Rxh6 Nxh6 21. Qh5 $16)
19. Qf3 (19. f4 f6 20. e4 (20. fxg5 fxg5 21. e4 Be6 $13) 20... dxe4 21. Nxe4 g4
$1) 19... Bd7 (19... Be6 20. Ng7 $1 $16) 20. Qg3 f6 21. f4 Be8 $1 22. fxg5 (22.
Be2 Nc4 23. fxg5 fxg5 24. Qxg5 Qxg5 25. Rxg5 Nf6 $10) 22... fxg5 (22... Rxh5
23. Rxh5 Bxh5 24. Rh1 Bf7 25. g6 Be6 26. Rh7 Qf8 27. Qc7+ Ke8 28. Nb5 Rd8 29.
Nxa7 $16) 23. Qxg5 Qxg5 24. Rxg5 Nf6 25. Ng3 Rxh1+ 26. Nxh1 Kc7 27. Ng3 1/2-1/2

[Event "Poikovsky Karpov 04th"]
[Site "Poikovsky"]
[Date "2003.04.20"]
[Round "1"]
[White "Onischuk, Alexander"]
[Black "Pelletier, Yannick"]
[Result "1-0"]
[WhiteElo "2647"]
[BlackElo "2623"]
[Annotator "Ftacnik,L"]
[PlyCount "87"]
[EventDate "2003.04.20"]
[EventType "tourn"]
[EventRounds "9"]
[EventCountry "RUS"]
[EventCategory "16"]
[SourceTitle "CBM 095"]
[Source "ChessBase"]
[SourceDate "2003.07.25"]
[SourceVersion "1"]
[SourceVersionDate "2003.07.25"]
[SourceQuality "1"]

1. d4 d5 2. c4 c6 3. Nc3 Nf6 4. Nf3 e6 5. Bg5 Nbd7 6. cxd5 exd5 7. e3 Be7 8.
Bd3 Nh5 9. Bxe7 Qxe7 10. O-O O-O 11. Qc2 Nhf6 12. Rfe1 g6 13. Rab1 Nb6 {
Pelletier has decided to defend the position rather passively, white enjoys
small advantage due to the better bishop.} (13... a5 14. e4 dxe4 15. Nxe4 Nxe4
16. Rxe4 Qd6 17. Rbe1 $14) 14. b4 Be6 15. a4 a6 16. a5 Nc8 17. Ne5 Nd6 18. f3 (
18. Na4 Nd7 19. Nc5 Nxe5 20. dxe5 Nb5 21. Rbd1 $14) 18... Rad8 19. Qf2 Nd7 20.
Na4 (20. Nxd7 Rxd7 21. e4 dxe4 22. fxe4 Nc4 23. d5 Ne5 24. Bf1 cxd5 25. exd5
Bf5 26. Rbc1 $14) 20... Nxe5 21. dxe5 Ne8 22. e4 Ng7 (22... d4 23. Nc5 Ng7 24.
f4 $14) 23. Nc5 Bc8 24. f4 dxe4 25. Bxe4 Ne6 26. h3 (26. Nxe6 Bxe6 27. Qc5 Qd7
28. Re3 Qd4 $11) 26... f6 27. Nxe6 Bxe6 28. Qc5 Qxc5+ $2 {[%mdl 4096] Very
dubious solution, since the defender will be stuck with the bishop of the
wrong colour and many fixed pawns. In this endgame e5 is virtually an extra
pawn, while black fights with the problem of holding dark squares.} (28... Qf7
$1 29. Rbd1 (29. Rf1 Bd5 30. Rbe1 Bxe4 31. Rxe4 fxe5 32. Rxe5 Rd5 $11) 29...
Rxd1 30. Rxd1 fxe5 31. fxe5 (31. Qxe5 Re8 32. Qg5 Bxh3 33. Bxg6 hxg6 34. gxh3
Qe6 $11) 31... Qf4 $11) 29. bxc5 Rd7 (29... Rf7 30. exf6 Bc8 (30... Rdd7 31.
Bxc6 $18) 31. Kf2 Rxf6 32. Ke3 $14) 30. Bf3 Kf7 (30... fxe5 31. Rxe5 (31. fxe5
Rf4 32. Re4 Rxe4 33. Bxe4 Rd4 $11) 31... Kf7 32. Kf2 $14) 31. Red1 Rfd8 32. Rd6
(32. Rxb7 Rxb7 33. Rxd8 fxe5 34. Rh8 (34. fxe5 Rb5 35. Ra8 Bc4 36. Ra7+ Ke6 37.
Rxh7 Rxc5 38. Rc7 Bb5 $11) 34... Kf6 (34... Kg7 35. Ra8 exf4 36. Rxa6 Rb1+ 37.
Kh2 Bd5 38. Bxd5 cxd5 39. Ra7+ $16) 35. Rf8+ Ke7 36. Ra8 exf4 37. Bxc6 Rb1+ 38.
Kf2 Rc1 39. Rxa6 Rxc5 $11) 32... fxe5 33. fxe5 Ke7 (33... Rxd6 34. exd6 Rd7 35.
Rf1 Kg7 36. Re1 Bf5 37. g4 Bd3 38. g5 $16) 34. Kf2 Rc7 35. Rxd8 Kxd8 36. Rd1+
Ke8 (36... Rd7 37. Rd6 Ke7 38. Rxe6+ Kxe6 39. Bg4+ Ke7 40. Bxd7 Kxd7 41. Kf3
Ke6 42. Kf4 h6 43. h4 Kd5 (43... Ke7 44. g4 Ke6 45. h5 Kf7 46. Ke4 Kg7 47. hxg6
Kxg6 48. Kf4 $18) 44. h5 gxh5 45. Kf5 Kxc5 46. e6 $18) 37. Rd6 Re7 38. Ke3 Bc8
39. Kf4 Rf7+ (39... Be6 40. g4 Rf7+ 41. Ke3 Ke7 42. h4 $16) 40. Rf6 $1 {
Onischuk is realizing his huge advantage very convincingly, the difference in
the quality of the bishops is enormous.} Ke7 (40... Rxf6+ 41. exf6 Kf7 42. Ke5
Be6 43. Bg4 Bd5 44. g3 $18) 41. Kg5 Bf5 42. Rxf7+ Kxf7 43. Kh6 Ke6 (43... Kg8
44. Bg4 Be4 45. g3 $18) 44. Bg4 $1 (44. Bg4 $1 Bxg4 (44... Kxe5 45. Bxf5 Kxf5
46. Kxh7 g5 47. g4+ Ke6 48. Kg6 Kd5 49. Kxg5 Kxc5 50. Kf6 $18) 45. hxg4 Kxe5
46. Kxh7 Kf6 47. Kh6 $18) 1-0